000 01877cam a22004934a 4500
001 13099811
003 BJBSDDR
005 20240206124744.0
007 ta
008 030123s2023 sp ab b f000 0 spa
010 _a 2003448329
020 _a9788471203175
020 _a8471203170
035 _a(SpBaP)pu030005009
040 _aDLC
_cDLC
_bspa
041 _aspa
042 _apcc
043 _ae-sp---
_ae-it---
050 1 4 _aNA 7776
_bS194r 2023
100 1 _aSancho, José Luis,
_d1962-
_933698
245 1 0 _aReal Monasterio de San Lorenzo de El Escorial /
_cJosé Luis Sancho.
246 3 0 _aEscorial
260 _aMadrid :
_bPatrimonio Nacional,
_c2023.
300 _a207 páginas :
_bilustraciones a color, mapas ;
_c26 cm.
440 0 _aReales Sitios de España
_934209
504 _aIncluye referencias bibliográficas (página 207).
600 0 0 _aPhilip,
_bII,
_cKing of Spain,
_d1527-1598
_xPalaces
_zSpain
_zSan Lorenzo del Escorial.
600 0 4 _aFelipe,
_bII,
_cRey de España,
_d1527-1598
_xPalacios
_zSan Lorenzo del Escorial,
_zEspaña
_934212
610 2 0 _aEscorial.
610 2 4 _aEscorial
_934210
650 0 0 _aArchitecture, Renaissance
_zSpain
_zSan Lorenzo del Escorial.
650 4 _aArquitectura renacentista
_zSan Lorenzo del Escorial
_zEspaña
_934214
650 0 _aArt, Spanish
_y16th century.
650 4 _aArte español
_915860
_zSiglo XVI
650 0 _aArt, Italian
_y16th century.
650 4 _aArte italiano
_ySiglo XVI
_934211
651 0 _aSan Lorenzo del Escorial (Spain)
_xBuildings, structures, etc.
651 4 _aSan Lorenzo del Escorial (España)
_xEdificios, estructuras, etc.
_934213
710 2 _aPatrimonio Nacional
_934215
906 _a7
_bcbc
_corigres
_d3
_encip
_f20
_gy-gencatlg
942 _2lcc
_cBK
946 _ilmm
999 _c120460
_d120460